000 00731nam a2200277Ia 4500
008 171025s9999 xx 000 0 und d
020 _a9780062343963
050 _a153
050 _bD633 2013
100 _aDobelli, Rolf
245 4 _aThe art of thinking clearly /
245 _cby Rolf Dobelli ; translated by Nicky Griffin.
250 _aInternational edition.
260 _aNew York :
260 _bHarper,
260 _c2013
300 _a358 pages :
300 _billustrations ;
300 _c17cm.
650 _aCognitive psychology.
650 _aDecision making.
650 _aErrors -- Psychological aspects.
650 _aReasong (Psychology).
700 _aGriffin, Nicky.
700 _aTitle.
999 _c344933
_d344933